Logistikmanagement Führungsaufgaben zur Umsetzung des Flussprinzips im Unternehmen

Saved in:
Bibliographic Details
Main Author: Weber, Jürgen
Other Authors: Kummer, Sebastian
Format: Book
Language:German
Published: Stuttgart Schäffer-Poeschel 1994
Edition:1. Aufl.
Series:Sammlung Poeschel 141
Subjects:
Tags: Add Tag
No Tags, Be the first to tag this record!

MARC

LEADER 00000nam a2200000 4500
001 c011412
005 20221205140738.7
020 |a 3-7910-9189-1 
041 0 |a ger 
044 |a DE 
245 1 0 |a Logistikmanagement  |b Führungsaufgaben zur Umsetzung des Flussprinzips im Unternehmen  |c Jürgen Weber, Sebastian Kummer 
250 |a 1. Aufl. 
264 1 |a Stuttgart  |b Schäffer-Poeschel  |c 1994 
300 |a 284 s. 
490 1 |a Sammlung Poeschel  |v 141 
830 0 |a Sammlung Poeschel  |v 141 
610 2 0 |a logistika 
610 2 0 |a manažment 
610 2 0 |a riadenie podnikové 
610 2 0 |a koordinácia 
610 2 0 |a služby 
610 2 0 |a kontrola 
610 2 0 |a plánovanie 
610 2 0 |a systémy informačné 
100 1 |a Weber, Jürgen 
700 1 |a Kummer, Sebastian